书目信息 |
| 题名: |
无缝钢管百年史话
|
|
| 作者: | 金如崧 编著 | |
| 分册: | ||
| 出版信息: | 北京 冶金工业出版社 2008.09 |
|
| 页数: | 374页 | |
| 开本: | 21cm | |
| 丛书名: | ||
| 单 册: | ||
| 中图分类: | TG335.71 | |
| 科图分类: | ||
| 主题词: | 无缝钢管--技术史--世界 | |
| 电子资源: | ||
| ISBN: | 978-7-5024-4732-8 | |
| 000 | 00941nam0 2200229 450 | |
| 001 | K8311165 | |
| 005 | 20100617121447.67 | |
| 010 | @a978-7-5024-4732-8@dCNY35.00 | |
| 100 | @a20100515d2004 ekmy0chiy0121 ea | |
| 101 | 0 | @achi |
| 102 | @aCN@b110000 | |
| 105 | @aa a 000yy | |
| 200 | 1 | @a无缝钢管百年史话@Awu feng gang guan bai nian shi hua@f金如崧编著 |
| 210 | @a北京@c冶金工业出版社@d2008.09 | |
| 215 | @a374页@c图@d21cm | |
| 320 | @a有书目 (第374页) | |
| 330 | @a本书是国人叙说无缝钢管发展史的第一书。作者从事钢管生产工艺、技术装备及翻译等工作五十余年。全书从史学角度论述技术,内容包括:1885年以前无缝钢管生产,曼耐斯曼和斯蒂弗尔穿孔机,轧管机的诞生与发展,热扩管工艺及强力减径机,现代连续轧管技术及自动控制,CPS、PPM、PQF、MPM、CARTA等工艺技术等,并附有无缝钢管大事年表。 | |
| 606 | 0 | @a无缝钢管@x技术史@y世界 |
| 690 | @aTG335.71@v4 | |
| 701 | 0 | @a金如崧@Ajin ru song@4编著 |
| 801 | 0 | @aCN@c20100515 |
| 905 | @dTG335.71@eJ790@f3 | |
| 无缝钢管百年史话/金如崧编著.-北京:冶金工业出版社,2008.09 |
| 374页:图;21cm |
| ISBN 978-7-5024-4732-8:CNY35.00 |
| 本书是国人叙说无缝钢管发展史的第一书。作者从事钢管生产工艺、技术装备及翻译等工作五十余年。全书从史学角度论述技术,内容包括:1885年以前无缝钢管生产,曼耐斯曼和斯蒂弗尔穿孔机,轧管机的诞生与发展,热扩管工艺及强力减径机,现代连续轧管技术及自动控制,CPS、PPM、PQF、MPM、CARTA等工艺技术等,并附有无缝钢管大事年表。 |
| ● |
| 相关链接 |
|
|
|
正题名:无缝钢管百年史话
索取号:TG335.71/J790
 
预约/预借
| 序号 | 登录号 | 条形码 | 馆藏地/架位号 | 状态 | 备注 |